| 000 | 01297nam0a22002771 4500 | ||
|---|---|---|---|
| 001 | rc\4530045 | ||
| 005 | 20250612110834.0 | ||
| 021 |
_aRU _b[63-59007] |
||
| 035 | _a(NLR Aleph) 008629064 | ||
| 090 |
_a8870748 _c8870748 |
||
| 100 | _a20130416d1963 |||y0rusy50 ca | ||
| 101 | 0 | _arus | |
| 102 | _aRU | ||
| 105 | _ay z ||||| | ||
| 200 | 1 |
_aКишечные инфекции у детей _eДиагностика, лечение и основные противоэпидем. мероприятия _fРазработ. проф. А.Л. Либовым, проф. М.Н. Небытовой-Лукьянчиковой _gМ-во здравоохранения РСФСР |
|
| 210 |
_aЛенинград _cБ. и. _d1963 |
||
| 215 |
_a32 с. _d21 |
||
| 225 | 1 |
_aМетодические указания _fЛенингр. науч.-исслед. ин-т дет. инфекций |
|
| 606 |
_aКишечные инфекции у детей _2psbo |
||
| 702 | 1 |
_aЛибов _bА.Л. _gАлександр Леонидович _4570 |
|
| 702 | 1 |
_4570 _7ca _8rus _aНебытова-Лукьянчикова _bМ. Н. _f1894-1986 _gМария Николаевна _9227249 _3RU\NLR\AUTH\770227305 |
|
| 801 | 0 |
_aRU _bNLR _gpsbo |
|
| 801 | 1 |
_aRU _bELAR _2rusmarc |
|
| 852 |
_aNLR _j63-6/9771 |
||
| 942 | _cBOOK | ||
| 980 | _aNB | ||